| 000 | 00463nam a2200193Ia 4500 | ||
|---|---|---|---|
| 003 | OSt | ||
| 005 | 20251121091658.0 | ||
| 008 | 250729s1888 xx 000 0 und d | ||
| 020 | _a978-0656936205 | ||
| 040 | _cAL | ||
| 041 | _aeng | ||
| 082 | _a370.71 GILA | ||
| 100 |
_aGill John _9224627 |
||
| 245 | _aThe art of teaching young minds to observe & think | ||
| 260 |
_aLondon _c1888 |
||
| 300 | _a208p | ||
| 650 |
_aEducation _9224628 |
||
| 942 |
_2ddc _cBED |
||
| 999 |
_c236505 _d236505 |
||